|
|
|
|
| LEADER |
00000cam a2200000 7i4500 |
| 001 |
0000012747 |
| 005 |
20080312.0 |
| 008 |
080101 |
| 020 |
|
|
|a 9832565065
|
| 090 |
0 |
0 |
|a 297.382
|b SYA
|
| 100 |
1 |
|
|a Syarifuddin Walid
|
| 245 |
1 |
0 |
|a Hikmah & rahsia sujud & munajat selawat
|c Syarifuddin Walid
|
| 246 |
0 |
|
|a Hikmah dan rahsia sujud serta munajat selawat
|
| 260 |
|
|
|a Kuala Lumpur :
|b Jasmin Enterprise ,
|c 2002
|
| 650 |
|
0 |
|a Prayer
|x Islam
|
| 710 |
0 |
|
|a Title
|
| 999 |
|
|
|a 0001008561
|b Book
|c Adult Collection
|e Perbadanan Perpustakaan Awam Johor
|
| 999 |
|
|
|a 0001008562
|b Book
|c Adult Collection
|e Perbadanan Perpustakaan Awam Johor
|
| 999 |
|
|
|a 0001008563
|b Book
|c Adult Collection
|e Perbadanan Perpustakaan Awam Johor
|